| 000 | 00725nam a2200217Ia 4500 | ||
|---|---|---|---|
| 001 | 5058 | ||
| 003 | GE_BSU | ||
| 008 | 181216s||||||||xx |||||||||||||| ||und|| | ||
| 040 | _cGE_BSU | ||
| 080 | _a621.753.1 | ||
| 100 | _aСиницын,П.П. | ||
| 245 | _aОсновы взаимозаменяемости и технических измерении. | ||
| 245 | _bУчебн. пособие. | ||
| 245 | _cРед. И.А.Григорьев. | ||
| 260 | _aМ. | ||
| 260 | _bоборонгиз. | ||
| 260 | _c1959. | ||
| 300 | _a246 стр.с илл. 22 см. Библиогр.: стр. 242. | ||
| 653 | _aОсновы взаимозаменяемости и технических измерении. | ||
| 942 | _cBK | ||
| 999 |
_c38741 _d38741 |
||